Wordt geladen...

യിരമ്യാവ് ;അടിമയുടെ ജീവിതം (Yiramyav: adimayude jeevitham)

Bibliografische gegevens
Hoofdauteur: അനിൽകുമാർ,എ.വി (Anilkumar,A.V)
Formaat: Printed Book
Gepubliceerd in: Kozhikode: Mathrubhumi, 2009.
Editie:2
Onderwerpen:
LEADER 00674cam a2200181ua 4500
999 |c 26659  |d 26659 
020 |a 9788182646926 
082 |a M923.6  |b ANI/A 
100 |a അനിൽകുമാർ,എ.വി (Anilkumar,A.V) 
245 1 0 |a യിരമ്യാവ് ;അടിമയുടെ ജീവിതം (Yiramyav: adimayude jeevitham) 
250 |a 2 
260 |a Kozhikode:  |b Mathrubhumi,  |c 2009. 
300 |a 87p. 
650 |a Anthropology 
650 0 |a Slavery 
650 0 |a backward class   |a slave labours-biography  
942 |c BK 
952 |0 0  |1 0  |4 0  |6 M_923_600000000000000_ANI_Y  |7 0  |9 28410  |a KUCL  |b KUCL  |c M  |d 2014-05-23  |g 50.00  |l 2  |o M923.6 ANI/Y  |p 28263  |r 2020-02-04  |s 2020-01-28  |y BK